| 000 | 00722nam a2200193 i 4500 | ||
|---|---|---|---|
| 001 | 49281 | ||
| 003 | ES-MaACL | ||
| 005 | 20251123063302.0 | ||
| 007 | t| | ||
| 008 | 030711s1860 fr ||||1| spa d | ||
| 100 | 1 |
_aCortés, Hernán, _d1485-1547 _940853 |
|
| 245 | 1 | 0 |
_aCartas y relaciones de Hernán Cortés al Emperador Carlos V / _cHernán Cortés ; corregidas e ilustradas por Pascual de Gayangos. |
| 260 |
_aParís : _b[s.n.], _c1860 ( _fImp. Central de los Ferrocarriles) |
||
| 300 |
_aLI, 575 p. ; _c27 cm. |
||
| 651 | 4 |
_aMéxico- _xHistoria- _y1517-1521, Descubrimiento y conquista. _9136484 |
|
| 700 | 1 |
_aGayangos, Pascual de, _d1809-1897 _956138 |
|
| 852 |
_aES-MaACL _jG-3917 |
||
| 999 |
_c49281 _d49281 |
||